000 00467nam a2200193Ia 4500
008 170918s9999 xx 000 0 und d
020 _a395869463
050 _bF554bo 1997
100 _aFitzgerald, Penelope
245 4 _aThe book shop /
245 _cby Penelope Fitzgerald.
250 _aFirst editon
260 _aGreat Britain :
260 _bMariner Book,
260 _c1997
300 _a123 pages :
300 _billustrations ;
300 _c21cm.
999 _c343968
_d343968